JEE Main Physics Chapter-wise Solved Papers as per the New NTA Syllabus 2024/ (Record no. 207608)

MARC details
000 -LEADER
fixed length control field 00673nam a22001937a 4500
005 - DATE AND TIME OF LATEST TRANSACTION
control field 20250619152154.0
010 ## - LCCN (DPL NO)
LC control number DEC24SC ENG-142973 ENG-145503
020 ## - INTERNATIONAL STANDARD BOOK NUMBER
International Standard Book Number 9789358703122
Terms of availability 799.00
035 ## - SYSTEM CONTROL NUMBER
System control number EN-126505
035 ## - SYSTEM CONTROL NUMBER
System control number EN-129035
037 ## - SOURCE OF ACQUISITION
Source of stock number/acquisition DBAD
082 ## - DEWEY DECIMAL CLASSIFICATION NUMBER
Classification number 530
Edition number 1
245 ## - TITLE STATEMENT
Title JEE Main Physics Chapter-wise Solved Papers as per the New NTA Syllabus 2024/
Statement of responsibility, etc By S.chand
250 ## - EDITION STATEMENT
Edition statement 1
260 ## - PUBLICATION, DISTRIBUTION, ETC. (IMPRINT)
Place of publication, distribution, etc New Delhi
Name of publisher, distributor, etc S Chand and Company Limited
Date of publication, distribution, etc 2024
270 ## - ADDRESS
Address A-27, 2nd Floor, Mohan Co-operative Industrial Estate
City New Delhi
Postal code 110044
Electronic mail address info@schandpublishing.com
Telephone number 011-49731800
300 ## - PHYSICAL DESCRIPTION
Extent 801p.
Dimensions 26cm(pb)
942 ## - ADDED ENTRY ELEMENTS (KOHA)
Source of classification or shelving scheme Dewey Decimal Classification
Item type English Books
Classification part 530
Call number suffix JEE
Edition 1
Holdings
Withdrawn status Lost status Not for loan Collection code Home library Current library Date acquired Source of acquisition Cost, normal purchase price Full call number Barcode Copy number Cost, replacement price Koha item type
      Non-fiction RC4 Seelam Pur RC4 Seelam Pur 19/06/2025 DBAD 799.00 530 JEE EN-129035 1 799.00 English Books
      Non-fiction Sarojini Nagar Sarojini Nagar 11/12/2024 Delivery of Books Division 799.00 530 JEE EN-126505 1 799.00 English Books

© Delhi Public Library
Hit Counter
free hit counter